NFL Teams by City - Statistics

General Stats
  • This quiz has been taken 178 times
  • The average score is 26 of 32
Answer Stats
Hint Answer % Correct
Bears Chicago
98%
Bills Buffalo
97%
Broncos Denver
96%
49ers San Francisco
94%
Chiefs Kansas City
93%
Cowboys Dallas
92%
Dolphins Miami
92%
Browns Cleveland
91%
Packers Green Bay
91%
Giants New York
91%
Bengals Cincinnati
90%
Eagles Philadelphia
90%
Buccaneers Tampa Bay
90%
Commanders Washington DC
89%
Lions Detroit
88%
Chargers Los Angeles
88%
Jets New York
88%
Falcons Atlanta
82%
Colts Indianapolis
82%
Rams Los Angeles
80%
Ravens Baltimore
78%
Seahawks Seattle
78%
Jaguars Jacksonville
77%
Raiders Las Vegas
75%
Texans Houston
74%
Steelers Pittsburgh
74%
Saints New Orleans
69%
Cardinals Phoenix
68%
Vikings Minneapolis
58%
Panthers Charlotte
54%
Titans Nashville
53%
Patriots Foxborough
32%
No matching quizzes found
Score Distribution
Percent of People with Each Score
Percentile by Number Answered
Your Score History
You have not taken this quiz